• 首页
  • 本馆介绍
  • 公告通知
  • 最新文献
  • 馆藏检索
  • 电子资源
  • 读者导购
  • 参考咨询
  • 我的图书馆
  • 登录
  • 详细信息显示
  • 放入我的书架
  • 预约/预借图书
  • 作者相关作品
  • 分类相关作品
  • 丛书相关作品
  • 出版社相关作品

书目信息

  • 表格格式
  • 工作单格式
  • 卡片格式
题名:
自我与历史的戏剧
    
 
作者: 尼布尔 著 ;方永 译
分册:  
出版信息: 上海   上海三联书店  2018
页数: 211页
开本: 24cm
丛书名: 上海三联人文经典书库
单 册:
中图分类: K01
科图分类:
主题词: 历史哲学--li shi zhe xue--研究
电子资源:
ISBN: 978-7-5426-6074-9
000 01573nam 2200325 450
001 012001006512
005 20131101171139.0
010    @a978-7-5426-6074-9@b精装@dCNY48.00
099    @aCAL 012018064336
100    @a20180504d2018 em y0chiy50 ea
101 1  @achi@ceng
102    @aCN@b310000
105    @ay z 001yy
106    @ar
200 1  @a自我与历史的戏剧@Azi wo yu li shi de xi ju@d= The self and the dramas of history@f(美) 莱因霍尔德·尼布尔著@g方永译@zeng
210    @a上海@c上海三联书店@d2018
215    @a211页@d24cm
225 2  @a上海三联人文经典书库@Ashang hai san lian ren wen jing dian shu ku@i基督教文化经典系列@v86
300    @a国家出版基金项目 “十三五”国家重点图书出版规划项目
306    @a本书获香港基督教文化研究所 (道风书社) 授权出版
320    @a有索引
330    @a本书的序言中作者坦言, 书中对自我的分析受到犹太哲学家马丁·布伯《我与你》的影响。正文第一部分论及人的独特性, 作者把人视为一种不断“对话”的自由的存在, 生活在与自我、他者的对话之中 ; 自我作为共同体的成员, 也生活在历史的戏剧之中。第二部分, 作者通过比较西方文化的希伯来成分和希腊成分, 批判了经验文化以及对人性的错误认识。书的第三部分, 讨论财产、等级和正义, 共同体的整合, 以及个体和集体的命运等问题。
410  0 @12001 @a上海三联人文经典书库@i基督教文化经典系列@v86
500 10 @aSelf and the dramas of history@mChinese
606 0  @a历史哲学@Ali shi zhe xue@x研究
690    @aK01@v5
701  1 @a尼布尔@Ani bu er@g(Niebuhr, Reinhold),@f1892-1971@4著
702  0 @a方永@Afang yong@4译
801  2 @aCN@b上海新华@c20191020
905    @b1131748-51@dK01@e141@f4
    
    自我与历史的戏剧= The self and the dramas of history/(美) 莱因霍尔德·尼布尔著/方永译.-上海:上海三联书店,2018
    211页;24cm.-(上海三联人文经典书库.基督教文化经典系列;86)
    国家出版基金项目 “十三五”国家重点图书出版规划项目
    
    ISBN 978-7-5426-6074-9(精装):CNY48.00
    本书的序言中作者坦言, 书中对自我的分析受到犹太哲学家马丁·布伯《我与你》的影响。正文第一部分论及人的独特性, 作者把人视为一种不断“对话”的自由的存在, 生活在与自我、他者的对话之中 ; 自我作为共同体的成员, 也生活在历史的戏剧之中。第二部分, 作者通过比较西方文化的希伯来成分和希腊成分, 批判了经验文化以及对人性的错误认识。书的第三部分, 讨论财产、等级和正义, 共同体的整合, 以及个体和集体的命运等问题。
●
相关链接 在E读中查询图书 在五车中查询图书 在当当中查询图书 在豆瓣中查询图书


正题名:自我与历史的戏剧     索取号:K01/141         预约/预借

序号 登录号 条形码 馆藏地/架位号 状态 备注
1 1131748   211317485   第二样本阅览室/ [索取号:K01/141] 在馆    
2 1131749   211317494   第二借阅区/ [索取号:K01/141] 在馆    
3 1131750   211317500   第二借阅区/ [索取号:K01/141] 在馆    
4 1131751   211317519   第二借阅区/ [索取号:K01/141] 在馆    
唐山师范学院图书馆 欢迎您!
大连网信软件有限公司© 版权所有